Statistics for Countries of the EU in Order

Click here to take the quiz!

General Stats

  • This quiz has been taken 5 times
  • The average score is 6 of 9

Answer Stats

YearMember% Correct
2013Croatia
100%
2020United Kingdom
100%
1995Austria
Finland
Sweden
80%
2007Bulgaria
Romania
60%
1973Denmark
Ireland
United Kingdom
60%
1981Greece
60%
1986Portugal
Spain
60%
1957Belgium
France
Germany
Italy
Luxembourg
Netherlands
40%
2004Cyprus
Czechia
Estonia
Hungary
Latvia
Lithuania
Malta
Poland
Slovakia
Slovenia
40%

Score Distribution

Percentile by Number Answered

Percent of People with Each Score

Your Score History

You have not taken this quiz